00392 2200157 4500245005300000020002200053250001100075100002400086650001600110005001900126260003100145041001400176084000800190300002700198336000900225 aSampai Jumpa di SurgacIpnu Rinto NoegrohohText a978-602-6575-90-5 aCet. 1 aIpnu Rinto Noegroho aNovel Fiksi a20230110071938 aYogyakartabHisteriac2017 aIndonesia a813 aiii, 301 hlm. :c20 cm atext